000 00503nam a2200181Ia 4500
008 100917s9999 xx 000 0 und d
082 _b15968
100 _aगोळे महादेव शिवराम
245 _aशाळेचा अभिमान
260 _b---
300 _a46
365 _b0
520 _aनिबंध
630 _aशाळेचा अभिमान
650 _aनिबंध
730 _aशाळेचा अभिमान
942 _cBOOK
999 _c621362
_d621359